| Tag |
First Indicator |
Second Indicator |
Subfields |
| LEADER |
00000cam a22000001a 4500 |
| 001 |
in00004120713 |
| 005 |
20200117093935.0 |
| 006 |
m d f |
| 007 |
cr bn mmmapmmp |
| 008 |
140827s2013 mdu o f000 0 eng d |
| 035 |
|
|
|a chdc20140742
|
| 040 |
|
|
|a UMI
|c UMI
|d UtOrBLW
|
| 043 |
|
|
|a n-us---
|
| 086 |
0 |
|
|a Y 4.V 64/4:S.HRG.113-280
|
| 110 |
1 |
|
|a United States.
|b Congress.
|b Senate.
|b Committee on Veterans' Affairs.
|0 http://id.loc.gov/authorities/names/n79033063
|
| 245 |
1 |
0 |
|a Hearing on Pending Health and Benefits Legislation.
|
| 264 |
|
1 |
|a Bethesda, Md. :
|b ProQuest,
|c 2013.
|
| 300 |
|
|
|a 159 pages, digital, PDF file.
|
| 336 |
|
|
|a text
|b txt
|2 rdacontent
|
| 337 |
|
|
|a computer
|b c
|2 rdamedia
|
| 338 |
|
|
|a online resource
|b cr
|2 rdacarrier
|
| 500 |
|
|
|a Record is based on bibliographic data in ProQuest U.S. Congressional Hearings Digital Collection. Reuse except for individual research requires license from ProQuest, LLC.
|
| 533 |
|
|
|a Electronic reproduction.
|b [Bethesda, Md.] :
|c ProQuest,
|d 2014.
|e digital, PDF file.
|n ProQuest Congressional Hearings Digital Collection.
|n Mode of access: World Wide Web via ProQuest website.
|
| 538 |
|
|
|a System requirements: PDF reader software.
|
| 500 |
|
|
|a Electronic resource.
|
| 610 |
1 |
0 |
|a United States.
|b Department of Veterans Affairs.
|0 http://id.loc.gov/authorities/names/n87945386
|
| 650 |
|
0 |
|a Veterans
|x Legal status, laws, etc.
|z United States.
|0 http://id.loc.gov/authorities/subjects/sh2008113199
|
| 650 |
|
0 |
|a Veterans
|x Medical care
|x Law and legislation
|z United States.
|0 http://id.loc.gov/authorities/subjects/sh2008113200
|
| 650 |
|
0 |
|a Military pensions
|x Law and legislation
|z United States.
|0 http://id.loc.gov/authorities/subjects/sh2008107803
|
| 776 |
0 |
8 |
|i Microfiche version:
|a United States. Congress. Senate. Committee on Veterans' Affairs
|t Hearing on Pending Health and Benefits Legislation
|o CIS 2014 S761-6
|w cis201402410
|
| 856 |
4 |
0 |
|u http://proxy.library.tamu.edu/login?url=http://search.proquest.com/congcomp/getdoc?HEARING-ID=HRG-2013-VAS-0007
|y Electronic resource (PDF)
|z CIS 2014-S761-6
|t 0
|
| 998 |
|
|
|a cis201402410
|
| 999 |
f |
f |
|s 31c31289-3a3c-33ab-89a4-d5df18f71ae2
|i 4e0000dd-f083-37ec-8f9f-7e92a2f655ed
|t 0
|
| 952 |
f |
f |
|a Texas A&M University
|b College Station
|c Electronic Resources
|d Available Online
|t 0
|e Y 4.V 64/4:S.HRG.113-280
|h Superintendent of Documents classification
|
| 998 |
f |
f |
|a Y 4.V 64/4:S.HRG.113-280
|t 0
|l Available Online
|